Регионална библиотека "Любен Каравелов" - Русе

Неистовый Роланд (Запис номер 426273)

MARC детайли
000 -Лидер
Контролно поле с фиксирана дължина nam a22 a 4500
003 - Код на организацията, давaща контролен номер
Контролно поле BLK
005 - Дата и час на последна редакция
Контролно поле 20210802165621.0
008 - Елементи от данни с фиксирана дължина
fixed length control field 210802b bu |||||r|||| 00| | bu d
040 ## - Източник на каталожния запис
Идентификатор на билиотеката - собственик на записа BLK
041 ## - Код за език
Код за езика на текст/звукозапис или на отделно заглавие Руски
Код за езика КДБФ Руски
080 ## - УДК
Текстов определител УДК Австрийска литература
УДК код - определител по УДК 821.112(436)
УДК определител -91
УДК - код + определител 821.112(436)-91
100 ## - Редна дума - Автор
R(LIN) 1299
Автор Ариосто, Лудовико
Авторска отговорност първи автор
139 ## - Редно поле
Редна дума Ариосто, Лудовико
245 ## - Сведения за заглавието
Заглавие Неистовый Роланд
Подзаглавни данни Поэма в 46 песнях в пер. рус. писателей; : Содерж. поэмы Боярдо "Влюбленный Роланд". Текст 17 песен Ариосто и изложение содержания остальных, с приведением лучших отрывков. Объяснительные статьи.
Редно поле (дума) Людовико Ариосто
260 ## - Област на издателските данни
9 (RLIN) 217434
Място на издаване, разпространение и проч. Санкт-Петербург
Име на издателя, разпространителя и проч. типогр. Ивана Глазунова
Година на издаване 1898
300 ## - Физическа характеристика
Страници [2], VI, 303 с.
Илюстрации и др. 1 л. фронт., ил.
Размери/Мащаб 20 см
380 ## - Жанр
Жанр Худож. лит.
490 ## - СЕРИИ (Колекции)
9 (RLIN) 435080
Име на серия Колекция Редки и ценни издания
490 ## - СЕРИИ (Колекции)
9 (RLIN) 435594
Име на серия Русская классная библиотека
659 #7 - Тематичен бюлетин
9 (RLIN) 178164
Тематичен бюлетин Ц
Тематичен бюлетин - текст Редки и ценни
852 ## - Местоположение
Форматна сигнатура Рр 898
Фондова буква Редки и ценни
999 ## - СИСТЕМНИ КОНТРОЛНИ НОМЕРА
Koha biblionumber 426273
Koha biblioitemnumber 426273
942 ## - АРТИКУЛИ
Вид на библиотечния материал Книги
Скрит в OPAC Не
Периодичен библиозапис Да
944 ## - СЪЗДАВАНЕ И РЕДАКЦИЯ на ЗАПИСА
Създаване/Редакция Създаване
Дата на регистрацията/редакция 2021-08-02
Служител, извършил регистрацията/редакцията А.М.
999 ## - СИСТЕМНИ КОНТРОЛНИ НОМЕРА
Koha biblioitemnumber 426273
Наличности
Код за отписване Код за изгубен артикул Източник на класификационната схема Код за повреда Коз за рестрикции Код за отдаване Артикулен № Име на библиотеката - собственик Име на библиотеката, в която се намира в момента Статус (Текущо местоположение) Дата на вписване в системата Местоположение - отдел Цена в лева Инвентарен номер Систематично азбучна сигнатура Баркод Цена в евро Служебен тип на артикула
  Не е изгубен Universal Decimal Classification Не е повреден само за читалня Специални фондове ( старопечатни, редки и ценни, фонд М. Арнаудов) 855448 Регионална библиотека "Любен Каравелов" Русе Регионална библиотека "Любен Каравелов" Русе Редки и ценни 2021-09-24 Редки и ценни 0.61 11358/58 Рр 898 900000071919 0.31 Книги
Vip Innovations Ltd, Rousse, Bulgaria 2025